|
|
|
|
| LEADER |
00954nam a2200253 a 4500 |
| 001 |
4432028 |
| 008 |
090702s1995 nyua b 001 0 eng d |
| 010 |
|
|
|a \\\94009933
|
| 020 |
|
|
|a 0673522814
|
| 020 |
|
|
|a 0673525090
|
| 040 |
|
|
|a DLC
|c DLC
|d DLC
|
| 082 |
0 |
0 |
|a 808
|2 20
|
| 245 |
0 |
0 |
|a Literature :
|b an introduction to poetry /
|c X.J. Kennedy, Dana Gioia.
|
| 250 |
|
|
|a 6th ed.
|
| 260 |
|
|
|a New York, NY :
|b HarperCollins College Publishers,
|c c1995.
|
| 300 |
|
|
|a xlviii, 1859 p. :
|b ill. ;
|c 25 cm.
|
| 504 |
|
|
|a Includes bibliographical references and indexes.
|
| 541 |
1 |
|
|e 00009271
|
| 650 |
|
0 |
|a Literature
|x Collections.
|
| 700 |
1 |
|
|a Kennedy, X. J.
|
| 700 |
1 |
|
|a Gioia, Dana.
|
| 852 |
4 |
|
|a Ayesha Abed Library
|j General shelf
|
| 999 |
|
|
|c 1988
|d 1988
|
| 952 |
|
|
|0 0
|1 4
|2 ddc
|4 1
|6 808_000000000000000_LIT
|7 0
|9 1825
|a BRACUL
|b BRACUL
|c SPS
|d 2009-07-02
|g 0.00
|l 5
|m 21
|o 808 LIT
|p 3010009271
|r 2014-04-22
|s 2014-04-09
|t 1
|w 2009-07-02
|y BK
|x No price found in the accession register.
|